000 00803nam a2200241Ia 4500
003 OSt
005 20220923215050.0
006 a|||||r|||| 00| 0
007 ta
008 220922b |||||||| |||| 00| 0 hin d
024 _a175,307
037 _cTextual
040 _aARTS
_cARTS
_bhin
041 _2hin
_ahin
082 _aO152:f, K8;L0
100 _aदिवाकर, कृष्ण
245 0 _aहिन्दी साहित्य
_b शोध और समीक्षा
246 _aHindī sāhitya: shodh aur samīkṣhā
260 _aदिल्ली
_b पुस्तक सदन
_c1970
650 _aहिन्दी साहित्य
_9156264
942 _hO152:f, K8;L0
_cTEXL
_2CC
999 _c329011
_d329011